000
00217 a2200097 4500
001
59900
100
_a
245
_a
Handbook of Internet Troubleshooting
260
_a
India
_b
Ajay Verma
_c
2005
090
_c
36735
_d
36735
942
_a
NUST-CAE
_c
_c
29708
999
_c
294973
_d
294973